[Event "SVK-Cup13 G6 corr"]
[Site "Slovakia"]
[Date "2003.04.15"]
[Round "6"]
[White "Petrla, Peter"]
[Black "Botta, Matej"]
[Result "0-1"]
[WhiteElo "1823"]
[BlackElo "2162"]
[PlyCount "86"]
[EventDate "2002.02.01"]
[EventType "tourn (corr)"]
[EventRounds "12"]
[EventCountry "SVK"]
[SourceTitle "Corr 2006"]
[Source "ChessBase"]
[SourceDate "2006.04.01"]
[SourceVersion "3"]
[SourceVersionDate "2006.04.01"]
[SourceQuality "1"]

1. e4 e5 2. Nf3 Nc6 3. Bb5 Bc5 4. c3 f5 5. exf5 e4 6. Qe2 Qe7 7. Ng1 Nf6 8. d4 exd3 9. Bxd3 0-0 10. Bf4 d6 11. b4 Bb6 12. b5 Ne5 13. Bxe5 Qxe5 14. Qxe5 dxe5 15. h3 a6 16. bxa6 bxa6 17. Ne2 Bb7 18. 0-0 Ne4 19. g4 g6 20. Bxe4 Bxe4 21. Nd2 Bd3 22. Rfe1 gxf5 23. g5 Rad8 24. h4 Rd6 25. Ng3 e4 26. Kg2 h6 27. Rac1 hxg5 28. hxg5 Bc5 29. a4 Rg6 30. f4 Bd6 31. Nh5 Rb8 32. Rcd1 Rb2 33. Kh3 Kf7 34. Kh4 Rg8 35. Nf6 Bxf4 36. Nxg8 Kxg8 37. Nf1 Bxf1 38. Kh5 Bh3 39. Rg1 Bd6 40. Kg6 e3 41. Rh1 e2 42. Rd3 Bg2 43. Rg1 f4 0-1

[Event "SVK-ch 1st G5 email"]
[Site "Slovakia"]
[Date "2001.??.??"]
[Round "?"]
[White "Horvath, Alexander"]
[Black "Petrla, Peter"]
[Result "1-0"]
[WhiteElo "2166"]
[BlackElo "1600"]
[PlyCount "69"]
[EventDate "2001.??.??"]
[EventType "tourn (corr)"]
[EventRounds "6"]
[EventCountry "SVK"]
[SourceTitle "Corr 2002"]
[Source "ChessBase"]
[SourceDate "2002.05.23"]
[SourceVersion "1"]
[SourceVersionDate "2002.05.23"]
[SourceQuality "1"]

1. e4 e5 2. Nf3 Nc6 3. Bc4 Bc5 4. c3 Nf6 5. b4 Be7 6. d3 d6 7. 0-0 0-0 8. a4 Bg4 9. h3 Bd7 10. Be3 a6 11. Nbd2 Qe8 12. Qb3 h6 13. a5 Nd8 14. d4 exd4 15. cxd4 Bb5 16. d5 Qd7 17. Rfc1 Bxc4 18. Rxc4 Ne8 19. Nd4 Bf6 20. N2f3 Bxd4 21. Nxd4 Rb8 22. Rac1 Rc8 23. Nf5 f6 24. Qd1 Kh8 25. Bb6 Rf7 26. Qh5 Kh7 27. Be3 Rb8 28. R1c3 b5 29. Rd4 Kg8 30. Qg6 Kh8 31. Bxh6 gxh6 32. Qxh6+ Kg8 33. Rg3+ Ng7 34. Rdd3 c6 35. Rg4 1-0

[Event "PSG G3 email"]
[Site "Slovakia"]
[Date "2000.??.??"]
[Round "?"]
[White "Marko, Martin"]
[Black "Petrla, Peter"]
[Result "1-0"]
[WhiteElo "1357"]
[BlackElo "1300"]
[PlyCount "73"]
[EventDate "2000.??.??"]
[EventType "tourn (corr)"]
[EventRounds "5"]
[EventCountry "SVK"]
[SourceTitle "Corr 2002"]
[Source "ChessBase"]
[SourceDate "2002.05.23"]
[SourceVersion "1"]
[SourceVersionDate "2002.05.23"]
[SourceQuality "1"]

1. c4 e5 2. Nc3 Nc6 3. g3 Nf6 4. Bg2 Bb4 5. Nd5 Nxd5 6. cxd5 Ne7 7. Qa4 a5 8. a3 Bc5 9. Nf3 Ng6 10. h4 Qf6 11. Qe4 0-0 12. h5 Ne7 13. Qxe5 Qxe5 14. Nxe5 d6 15. Nd3 Bd4 16. Rh4 Bb6 17. Rc4 Bd7 18. Nf4 Nf5 19. d3 Bb5 20. Rc3 Rfe8 21. Bh3 Re5 22. Bxf5 Rxf5 23. e4 Rg5 24. Be3 Bxe3 25. fxe3 Rc8 26. Rac1 c5 27. d4 c4 28. b3 Rxg3 29. Kf2 Rg5 30. bxc4 Bd7 31. Rb3 b5 32. c5 f5 33. c6 Bxc6 34. Rxc6 Rb8 35. e5 dxe5 36. dxe5 Rg4 37. d6 1-0